000 00691nam a22002172 4500
001 0000018684
005 20151217145906.0
008 100422s xx 000 0 eng d
020 _a007018772x :
040 _aKABU
_cKABU
245 1 0 _aHacking exposed linux :
_blinux security secrets & solutions /
_cISECOM.
250 _a3rd ed.
260 _aNew Delhi :
_bTata McGraw-Hill,
_c2008.
300 _axxxiii, 618 p.
650 0 _aLinux.
_@0000148390
650 0 _aComputer security.
_@0000148177
710 2 _aInstute for Security and Open Methodologies (ISECOM)
_@0000178007
852 1 _9p2500 KES
908 _a100422
950 _@1
999 _c3787
_d3787